Normal view MARC view
  • Mubashir, Memona

Entry Personal Name

Number of records used in: 1

001 - CONTROL NUMBER

  • control field: 120900

003 - CONTROL NUMBER IDENTIFIER

  • control field: NUST

005 - DATE AND TIME OF LATEST TRANSACTION

  • control field: 20240220161545.0

008 - FIXED-LENGTH DATA ELEMENTS

  • fixed length control field: 240220|| aca||aabn | a|a d

040 ## - CATALOGING SOURCE

  • Original cataloging agency: NUST
  • Transcribing agency: NUST

100 ## - HEADING--PERSONAL NAME

  • Personal name: Mubashir, Memona

670 ## - SOURCE DATA FOUND

  • Source citation: Work cat.: (NUST): Mubashir, Memona, Joint Offloading and Resource Allocation Schemes based on Different Users’ Requirements in Vehicular Edge Computing and Networks/
© 2023 Central Library, National University of Sciences and Technology. All Rights Reserved.